El Conocimiento de Dios

Guardat en:
Dades bibliogràfiques
Autor principal: Gratry, Padre
Format: Llibre
Idioma:Undetermined
Publicat: Madrid, España Ediciones Pegaso 1952
Edició:2
Matèries:
Etiquetes: Afegir etiqueta
Sense etiquetes, Sigues el primer a etiquetar aquest registre!

MARC

LEADER 00000nam a2200000Ia 4500
008 170316s9999 xx 000 0 und d
090 |a 230 G-3c 
100 |a Gratry, Padre 
245 |a El Conocimiento de Dios 
250 |a 2 
260 |a Madrid, España 
260 |b Ediciones Pegaso 
260 |c 1952 
300 |a 458 páginas 
650 |a TEOLOGÍA 
999 |c 18014  |d 18014 
040 |a cru BVZT 
942 |c 15 D  |h 230 G-3c  |2 z